| 000 | 00610nam a2200169Ia 4500 | ||
|---|---|---|---|
| 008 | 220216s9999 xx 000 0 und d | ||
| 100 | _aKrishnakumar R. | ||
| 245 | 0 | _aBiochemical investigations on tapping panel dryness in Hevea brasiliensis | |
| 260 |
_bNational Symposium on Current Trends in Plant Biochemistry and Biotechnology, 23-25 February 1996, CCS Haryana Agricultural University, India _c1996 |
||
| 650 | _aBiochemical composition | ||
| 650 | _aTapping panel dryness | ||
| 700 | _aGopalakrishnan J. | ||
| 700 | _aSethuraj M.R. | ||
| 700 | _aSreelatha S. | ||
| 700 | _aThomas M. | ||
| 942 | _cBS | ||
| 999 |
_c52597 _d52597 |
||